02256nam a22003015i 4500999001700000003000900017005001700026008004100043020001800084040004300102082002100145100004900166245059600215246001700811250001900828264006000847300007400907336002600981337002801007338002701035504005101062520057901113650002501692653002501717700003101742942001201773952016901785 c28122d28093EG-ScBUE20200217102718.0200217s2020 ii a f b 001 0 eng d a9789352705146 aEG-ScBUEbengerdacEG-ScBUEdEG-ScBUE04a612.015bVAS2221 aVasudevan, D. M.‏q(Damodaran M.)eauthor.10aPractical textbook of biochemistry for medical students /cDM Vasudevan, MBBS, MD, FAMS, FRCPath, Distinguished Professor, Department of Biochemistry, Chairman, PG Programs and Research, College of Medicine, Amrita Institute of Medical Sciences, Kochi, Kerala, India, Formerly, Principal, Amrita College of Medicine, Kochi, Kerala, India, Dean, Sikkim Manipal Institute of Medical Sciences, Gangtok, Sikkim, India, Subir Kumar Das, MSc, PhD, Professor, Department of Biochemistry, College of Medicine and JNM Hospital, West Bengal University of Health Sciences, Kalyani, West Bengal, India. 30aBiochemistry aThird edition. 1aNew Delhi :bJaypee Brothers Medical Publishers,c2020. axvi, 271 pages, [3] pages of plates :billustrations (color) ;c28 cm atextbtxt2rdacontent aunmediatedbn2rdamedia avolumebnc2rdacarrier aIncludes bibliographical references and index. aThis book is in resonance with the Textbook of Biochemistry for Medical Students, by Vasudevan, which is now in the 9th edition. It is prepared after consulting the revised MCI curriculum. The contents are divided into qualitative and quantitative experiments, which the students are supposed to do by themselves in the practical classes. In the end, a few case reports are also included, which will be useful for the students to prepare the practical examinations. Most of the chapters are rewritten so that this third edition is an upgraded version of the second edition.  7aBiochemistry.2BUEsh bENGGENcFebruary20201 aDas, Subir Kumar,eauthor. 2ddccBB 00102ddc40708AlahramaMAINbMAINc1STd2020-02-17ePurchaseg195.00h487l1m18o612.015 VASp000048683r2025-07-15 00:00:00s2020-12-22v243.75w2020-02-17yBB